Estadísticas para Primera División Argentina

Haz click aquí para intentar la prueba.

Estadísticas generales

  • Esta prueba ha sido intentada 39 veces
  • La puntuación promedio es 41 de 105

Estadísticas de respuestas

DebutClub% Correcto
1931River Plate
100%
1931Boca Juniors
97%
1966Colon de Santa Fe
88%
1939Newells Old Boys
88%
1931Huracan
85%
1939Rosario Central
85%
1931Estudiantes de La Plata
82%
1931Racing Club
82%
1931Argentinos Juniors
79%
1968Belgrano de Cordoba
79%
1931Quilmes
79%
1931Ferro Carril Oeste
76%
1974Godoy Cruz
76%
1967Union de Santa Fe
76%
1973Atletico Tucuman
73%
1940Banfield
73%
1931Gimnasia y Esgrima de La Plata
73%
1931Lanus
73%
1969Talleres de Cordoba
73%
1931Chacarita Juniors
70%
1931Independiente de Avellaneda
70%
1970San Martin de San Juan
70%
1968San Martin de Tucuman
70%
1931Atlanta
67%
2021Barracas Central
67%
1973Instituto de Cordoba
67%
1978Patronato
67%
1931Platense
67%
1931Velez Sarsfield
67%
2003Atletico Rafaela
64%
2014Defensa y Justicia
64%
1982Nueva Chicago
64%
1984Olimpo
64%
1931San Lorenzo de Almagro
64%
1931Tigre
64%
1981Sarmiento de Junin
61%
1974Aldosivi
58%
2001Arsenal
58%
1970Gimnasia y Esgrima de Jujuy
58%
1978Racing de Cordoba
55%
1967Central Cordoba de Santiago del Estero
52%
2024Deportivo Riestra
52%
1967Deportivo Español
48%
1973All Boys
45%
2015Crucero Del Norte
45%
1978Estudiantes de Buenos Aires
45%
1974Deportivo Mandiyu
42%
2004Huracan de Tres Arroyos
42%
1931Talleres de Remedios de Escalada
42%
1975Temperley
42%
2005Tiro Federal
42%
1938Almagro
39%
1967Chaco For Ever
39%
1987Deportivo Armenio
39%
1969Deportivo Moron
39%
1978Alvarado
36%
1979Gimnasia y Tiro de Salta
33%
1958Central Cordoba de Rosario
30%
1970Gimnasia y Esgrima de Mendoza
30%
1961Los Andes
30%
1967San Martin de Mendoza
27%
1983Estudiantes de Rio Cuarto
24%
1981Loma Negra
24%
1996Huracan de Corrientes
21%
1968Independiente Rivadavia
21%
1976San Telmo
21%
1977Sarmiento de Resistencia
21%
1974Central Norte
18%
1986Deportivo Italiano
18%
1969Desamparados
18%
1974Altos Hornos Zapla
15%
1973Cipolletti
15%
1985Huracan Las Heras
15%
1985Santamarina
15%
1972Bartolome Mitre
12%
1971Guarani Antonio Franco
12%
1970Kimberley
12%
1974Puerto Comercial
12%
1939Argentinos de Quilmes
9%
1984Ferro Carril Oeste de General Pico
9%
1971Juventud Antoniana
9%
1979Juventud Unida
9%
1967San Lorenzo de Mar Del Plata
9%
1983Andino
6%
1971Huracan de Comodoro
6%
1972Independiente de Trelew
6%
1984Union de Chaco
6%
1980Atletico Concepcion
3%
1976Atletico Ledesma
3%
1974Atletico Regina
3%
1983Atletico Santa Rosa
3%
1977Circulo Deportivo
3%
1978Deportivo Roca
3%
1971Don Orione
3%
1982Estudiantes de Santiago Del Estero
3%
1968Huracan de Ingeniero White
3%
1975Juventud Alianza
3%
1982Mariano Moreno
3%
1982Renato Cesarini
3%
1976Sportivo Patria
3%
1982Union San Vicente
3%
1985Argentino de Santa Fe
0%
1984Atletico Uruguay
0%
1974Huracan de Mendoza
0%
1974Jorge Newbery
0%

Distribución de puntuación

Porcentaje por número respondido

Porcentaje de gente con cada puntuación

Historial de tus puntuaciones

No has intentado esta prueba.